000 00443nam a2200181Ia 4500
001 21337
005 20260306172911.0
008 260306t2019||||xx |||||||||||||| ||spa||
041 _aESP
082 _a344.528
_bD98
100 _aDurand, Francisco
_eAUT
245 0 _aOdebrecht:
_bla empresa que capturaba gobiernos
260 _c2019
300 _a297 páginas :
_c24 cm.
650 _aGEN
654 _aCDE
942 _cLIB
_dJUS
_fJUS
_2ddc
_n
999 _c21337
_d21337